[Event "DVM U10 2016"]
[Site "Magdeburg GER"]
[Date "2016.12.28"]
[Round "5"]
[White "Jafarzadeh, Aria"]
[Black "Milzow, Marvin"]
[Result "0-1"]
[Termination "normal"]
[Board "4.4"]
[WhiteElo "932"]
[BlackElo "1045"]
[WhiteClock "00:51:07"]
[BlackClock "00:45:37"]
[WhiteTeam "Stader SV 1"]
[BlackTeam "SC Eintracht Berlin"]
[PlyCount "33"]
[BlackFideId "16274300"]
[EventCountry "GER"]
[EventRounds "7"]
[EventType "team-swiss"]
[EventDate "2016.12.27"]

1. c4 {[%clk 0:59:56]} e5 {[%clk 0:59:49]} 2. Nf3 {[%clk 0:59:37]} Nc6 {[%clk
0:59:39]} 3. d3 {[%clk 0:59:13]} Bc5 {[%clk 0:59:10]} 4. Nc3 {[%clk 0:58:42]}
Nf6 {[%clk 0:58:11]} 5. Bg5 {[%clk 0:58:29]} h6 {[%clk 0:57:58]} 6. Bh4 {[%clk
0:58:18]} d6 {[%clk 0:56:58]} 7. Nd5 {[%clk 0:57:10]} Be6 {[%clk 0:55:47]} 8.
Nxf6+ {[%clk 0:57:00]} gxf6 {[%clk 0:55:34]} 9. e3 {[%clk 0:56:16]} Qe7 {[%clk
0:53:04]} 10. d4 {[%clk 0:55:13]} Bb4+ {[%clk 0:52:03]} 11. Nd2 {[%clk
0:54:41]} exd4 {[%clk 0:51:17]} 12. exd4 {[%clk 0:53:45]} Nxd4 {[%clk 0:50:22]}
13. a3 {[%clk 0:52:44]} Bg4+ {[%clk 0:49:05]} 14. Be2 {[%clk 0:52:19]} Bxe2
{[%clk 0:48:18]} 15. Qa4+ {[%clk 0:51:43]} c6 {[%clk 0:46:13]} 16. axb4 {[%clk
0:51:07]} b5 {[%clk 0:45:37]} 17. Qd1 0-1

[Event "DVM U10 2016"]
[Site "Magdeburg GER"]
[Date "2016.12.28"]
[Round "5"]
[White "Bungarten, Jona"]
[Black "Atze, Reinhard"]
[Result "1-0"]
[Termination "normal"]
[Board "5.1"]
[WhiteElo "1716"]
[BlackElo "1169"]
[WhiteClock "00:37:55"]
[BlackClock "00:34:42"]
[WhiteTeam "SF Brackel"]
[BlackTeam "SK König Plauen"]
[PlyCount "91"]
[WhiteFideId "16223608"]
[BlackFideId "12995665"]
[EventCountry "GER"]
[EventRounds "7"]
[EventType "team-swiss"]
[EventDate "2016.12.27"]

1. e4 {[%clk 0:59:59]} e5 {[%clk 0:59:50]} 2. Nf3 {[%clk 0:59:56]} Nc6 {[%clk
0:59:45]} 3. Bc4 {[%clk 0:59:50]} Nf6 {[%clk 0:59:38]} 4. Ng5 {[%clk 0:59:44]}
d5 {[%clk 0:59:32]} 5. exd5 {[%clk 0:59:40]} Na5 {[%clk 0:59:25]} 6. Bb5+
{[%clk 0:59:33]} c6 {[%clk 0:59:19]} 7. dxc6 {[%clk 0:59:30]} bxc6 {[%clk
0:59:10]} 8. Qf3 {[%clk 0:59:25]} Bg4 {[%clk 0:57:39]} 9. Bxc6+ {[%clk
0:57:47]} Nxc6 {[%clk 0:57:33]} 10. Qxc6+ {[%clk 0:57:41]} Nd7 {[%clk 0:57:22]}
11. Qd5 {[%clk 0:56:58]} Bh5 {[%clk 0:55:50]} 12. Nf3 {[%clk 0:56:13]} Qb8
{[%clk 0:53:33]} 13. O-O {[%clk 0:54:54]} Bd6 {[%clk 0:52:23]} 14. Re1 {[%clk
0:54:29]} O-O {[%clk 0:52:07]} 15. Nc3 {[%clk 0:54:04]} Nf6 {[%clk 0:51:42]}
16. Qb3 {[%clk 0:53:22]} Qc7 {[%clk 0:50:56]} 17. Nb5 {[%clk 0:53:02]} Qe7
{[%clk 0:49:14]} 18. Nxd6 {[%clk 0:52:50]} Bxf3 {[%clk 0:49:00]} 19. Nf5 {[%clk
0:51:56]} Qc5 {[%clk 0:48:13]} 20. Qxf3 {[%clk 0:51:35]} e4 {[%clk 0:47:54]}
21. Qg3 {[%clk 0:51:13]} Qxf5 {[%clk 0:47:35]} 22. d3 {[%clk 0:50:25]} exd3
{[%clk 0:46:52]} 23. Qxd3 {[%clk 0:50:14]} Rfe8 {[%clk 0:46:20]} 24. Rxe8+
{[%clk 0:49:17]} Rxe8 {[%clk 0:46:12]} 25. Be3 {[%clk 0:49:04]} Qe6 {[%clk
0:45:03]} 26. Bxa7 {[%clk 0:48:15]} Nd5 {[%clk 0:43:08]} 27. h3 {[%clk
0:47:21]} Nb4 {[%clk 0:42:54]} 28. Qb3 {[%clk 0:46:44]} Nd5 {[%clk 0:42:30]}
29. Rd1 {[%clk 0:46:28]} Qa6 {[%clk 0:41:50]} 30. Qxd5 {[%clk 0:44:58]} Qxa7
{[%clk 0:41:32]} 31. Qd7 {[%clk 0:44:39]} Qb8 {[%clk 0:41:10]} 32. c4 {[%clk
0:43:57]} h6 {[%clk 0:40:58]} 33. c5 {[%clk 0:43:49]} Rf8 {[%clk 0:39:39]} 34.
c6 {[%clk 0:43:03]} Rc8 {[%clk 0:39:14]} 35. b4 {[%clk 0:42:43]} Kh7 {[%clk
0:38:56]} 36. b5 {[%clk 0:42:20]} Rc7 {[%clk 0:38:46]} 37. Qd8 {[%clk 0:42:01]}
Qa7 {[%clk 0:38:14]} 38. Rd7 {[%clk 0:41:35]} Rxd7 {[%clk 0:37:08]} 39. Qxd7
{[%clk 0:40:50]} Qxa2 40. Qd1 {[%clk 0:39:41]} Qa5 {[%clk 0:36:42]} 41. Qc1
{[%clk 0:39:05]} Qc7 {[%clk 0:36:07]} 42. Qb1+ {[%clk 0:38:46]} Kh8 {[%clk
0:35:48]} 43. b6 {[%clk 0:38:35]} Qb8 {[%clk 0:35:35]} 44. c7 {[%clk 0:38:20]}
Qb7 {[%clk 0:35:23]} 45. Qc1 {[%clk 0:38:11]} Qxb6 {[%clk 0:34:42]} 46. c8=Q+
{[%clk 0:37:55]} 1-0

[Event "DVM U10 2016"]
[Site "Magdeburg GER"]
[Date "2016.12.28"]
[Round "5"]
[White "Elstner, Florian"]
[Black "Stych, Paul"]
[Result "0-1"]
[Termination "normal"]
[Board "5.2"]
[WhiteElo "1197"]
[BlackElo "1136"]
[WhiteClock "00:30:02"]
[BlackClock "00:21:56"]
[WhiteTeam "SK König Plauen"]
[BlackTeam "SF Brackel"]
[PlyCount "104"]
[WhiteFideId "16247264"]
[BlackFideId "16255615"]
[EventCountry "GER"]
[EventRounds "7"]
[EventType "team-swiss"]
[EventDate "2016.12.27"]

1. Nf3 {[%clk 0:59:57]} d5 {[%clk 0:59:47]} 2. d4 {[%clk 0:59:25]} e6 {[%clk
0:59:36]} 3. c4 {[%clk 0:59:13]} c5 {[%clk 0:59:19]} 4. e3 {[%clk 0:58:35]} Nc6
{[%clk 0:59:08]} 5. b3 {[%clk 0:58:15]} Nf6 {[%clk 0:58:52]} 6. Bb2 {[%clk
0:57:02]} Be7 {[%clk 0:58:11]} 7. Nc3 {[%clk 0:56:25]} O-O {[%clk 0:57:37]} 8.
Bd3 {[%clk 0:55:15]} Nb4 {[%clk 0:54:56]} 9. Bb1 {[%clk 0:54:00]} Ne4 {[%clk
0:53:14]} 10. Nxe4 {[%clk 0:53:15]} dxe4 11. Bxe4 {[%clk 0:53:01]} f5 {[%clk
0:52:38]} 12. Bb1 {[%clk 0:52:10]} Bf6 {[%clk 0:45:43]} 13. O-O {[%clk
0:51:55]} b6 14. Qd2 {[%clk 0:48:52]} Bb7 {[%clk 0:41:40]} 15. Rd1 {[%clk
0:47:47]} Bxf3 16. gxf3 {[%clk 0:47:31]} Bh4 {[%clk 0:40:50]} 17. Kh1 {[%clk
0:47:06]} Qg5 {[%clk 0:39:41]} 18. Rg1 {[%clk 0:46:17]} Qh5 {[%clk 0:39:15]}
19. Qe2 {[%clk 0:44:56]} Rf6 {[%clk 0:34:48]} 20. d5 {[%clk 0:44:33]} Rg6
{[%clk 0:33:38]} 21. dxe6 {[%clk 0:43:38]} Rxg1+ {[%clk 0:33:05]} 22. Kxg1
{[%clk 0:43:21]} Qg6+ {[%clk 0:32:28]} 23. Kh1 {[%clk 0:42:49]} Qxe6 {[%clk
0:32:17]} 24. Qf1 {[%clk 0:42:20]} Qc6 {[%clk 0:31:30]} 25. Qg2 {[%clk
0:42:07]} g6 {[%clk 0:31:18]} 26. Bxf5 {[%clk 0:41:39]} Rf8 {[%clk 0:29:31]}
27. Be4 Qd6 28. a3 {[%clk 0:39:09]} Nd3 {[%clk 0:29:03]} 29. Bd5+ Rf7 30. Bxf7+
{[%clk 0:37:48]} Kxf7 {[%clk 0:28:55]} 31. Rd1 {[%clk 0:37:25]} Nxf2+ {[%clk
0:28:42]} 32. Qxf2 {[%clk 0:36:40]} Qxd1+ {[%clk 0:28:33]} 33. Qg1 {[%clk
0:36:15]} Qxf3+ {[%clk 0:28:23]} 34. Qg2 {[%clk 0:35:55]} Qxg2+ {[%clk
0:27:39]} 35. Kxg2 {[%clk 0:35:43]} Bf6 {[%clk 0:27:22]} 36. Bxf6 {[%clk
0:35:27]} Kxf6 {[%clk 0:27:20]} 37. Kf3 {[%clk 0:35:16]} h5 {[%clk 0:27:01]}
38. Ke4 {[%clk 0:35:05]} Ke6 {[%clk 0:26:57]} 39. Kf4 {[%clk 0:34:39]} Kf6
{[%clk 0:26:39]} 40. e4 {[%clk 0:34:30]} g5+ {[%clk 0:26:34]} 41. Ke3 {[%clk
0:34:05]} Ke5 {[%clk 0:26:33]} 42. b4 {[%clk 0:33:00]} h4 {[%clk 0:26:22]} 43.
Kf3 {[%clk 0:32:33]} a6 {[%clk 0:23:57]} 44. Kg4 {[%clk 0:32:07]} cxb4 {[%clk
0:23:15]} 45. axb4 {[%clk 0:31:56]} Kxe4 {[%clk 0:22:24]} 46. Kxg5 {[%clk
0:31:06]} Kd4 {[%clk 0:22:15]} 47. Kxh4 {[%clk 0:30:58]} Kxc4 {[%clk 0:22:10]}
48. Kg5 {[%clk 0:30:53]} a5 49. bxa5 {[%clk 0:30:18]} bxa5 {[%clk 0:22:00]} 50.
h4 a4 51. h5 {[%clk 0:30:02]} a3 {[%clk 0:21:56]} 52. h6 a2 0-1

[Event "DVM U10 2016"]
[Site "Magdeburg GER"]
[Date "2016.12.28"]
[Round "5"]
[White "Helms, Finn"]
[Black "Potapov, Maxim"]
[Result "1-0"]
[Termination "normal"]
[Board "6.4"]
[WhiteElo "913"]
[BlackElo "1007"]
[WhiteClock "00:41:56"]
[BlackClock "00:50:25"]
[WhiteTeam "SC Turm Lüneburg"]
[BlackTeam "SV Dresden-Leuben"]
[PlyCount "93"]
[WhiteFideId "16249143"]
[BlackFideId "16255402"]
[EventCountry "GER"]
[EventRounds "7"]
[EventType "team-swiss"]
[EventDate "2016.12.27"]

1. d4 {[%clk 0:59:54]} d5 {[%clk 1:00:00]} 2. Bf4 {[%clk 0:59:46]} Nf6 {[%clk
0:59:52]} 3. e3 {[%clk 0:59:37]} Nc6 {[%clk 0:59:46]} 4. Bb5 {[%clk 0:59:28]}
Bd7 {[%clk 0:59:42]} 5. Nf3 {[%clk 0:59:04]} a6 {[%clk 0:59:38]} 6. Bd3 {[%clk
0:58:54]} e6 {[%clk 0:59:26]} 7. c3 {[%clk 0:58:42]} h6 {[%clk 0:59:13]} 8.
Nbd2 {[%clk 0:58:23]} Bd6 {[%clk 0:59:04]} 9. Bxd6 {[%clk 0:58:07]} cxd6 {[%clk
0:58:56]} 10. O-O {[%clk 0:57:51]} O-O {[%clk 0:58:40]} 11. Qe2 {[%clk
0:57:33]} Qe7 {[%clk 0:58:31]} 12. Rad1 {[%clk 0:57:05]} b5 {[%clk 0:58:14]}
13. Rfe1 {[%clk 0:55:53]} Rae8 {[%clk 0:58:14]} 14. h3 {[%clk 0:55:14]} e5
{[%clk 0:58:05]} 15. dxe5 {[%clk 0:54:27]} dxe5 {[%clk 0:57:55]} 16. Bc2 {[%clk
0:53:59]} e4 {[%clk 0:57:32]} 17. Nh2 {[%clk 0:53:37]} Qc5 {[%clk 0:56:58]} 18.
f3 {[%clk 0:52:36]} b4 {[%clk 0:56:20]} 19. Qxa6 {[%clk 0:51:25]} bxc3 {[%clk
0:55:53]} 20. Nb3 {[%clk 0:50:50]} Qc4 {[%clk 0:55:07]} 21. Qxc4 {[%clk
0:50:16]} dxc4 {[%clk 0:55:02]} 22. Nc5 {[%clk 0:49:43]} Be6 {[%clk 0:54:55]}
23. bxc3 {[%clk 0:49:01]} Rd8 {[%clk 0:54:18]} 24. Rxd8 {[%clk 0:48:22]} Rxd8
{[%clk 0:54:14]} 25. Nxe4 {[%clk 0:47:56]} Nxe4 {[%clk 0:54:02]} 26. Bxe4
{[%clk 0:47:24]} f5 {[%clk 0:53:38]} 27. Bxc6 {[%clk 0:47:14]} Rd3 {[%clk
0:52:55]} 28. Rc1 {[%clk 0:46:34]} Rxe3 {[%clk 0:52:52]} 29. a4 {[%clk
0:46:18]} Re2 {[%clk 0:52:48]} 30. Ra1 {[%clk 0:45:17]} Rd2 {[%clk 0:52:20]}
31. a5 {[%clk 0:45:04]} Rd6 {[%clk 0:52:18]} 32. Bb7 {[%clk 0:44:46]} Bd5
{[%clk 0:52:14]} 33. Bxd5+ {[%clk 0:44:35]} Rxd5 {[%clk 0:52:09]} 34. a6 {[%clk
0:44:27]} Rd8 35. a7 {[%clk 0:44:17]} Ra8 {[%clk 0:52:02]} 36. Nf1 Kf7 37. Ne3
{[%clk 0:43:57]} Ke7 {[%clk 0:51:46]} 38. Nxc4 {[%clk 0:43:51]} Kd7 {[%clk
0:51:32]} 39. Nb6+ {[%clk 0:43:44]} Kc7 {[%clk 0:51:00]} 40. Nxa8+ {[%clk
0:43:36]} Kb7 {[%clk 0:50:45]} 41. Nb6 {[%clk 0:43:25]} Kxb6 {[%clk 0:50:33]}
42. a8=Q Kc7 43. Qa6 {[%clk 0:42:51]} g5 {[%clk 0:50:28]} 44. Re1 g4 45. Re7+
Kd8 46. Qd6+ {[%clk 0:42:12]} Kc8 {[%clk 0:50:25]} 47. Qc7# {[%clk 0:41:56]}
1-0

[Event "DVM U10 2016"]
[Site "Magdeburg GER"]
[Date "2016.12.28"]
[Round "5"]
[White "Pixa, Karl"]
[Black "Costa, Leonardo"]
[Result "0-1"]
[Termination "normal"]
[Board "7.1"]
[WhiteElo "1195"]
[BlackElo "1620"]
[WhiteTeam "SV Dresden-Striesen"]
[BlackTeam "SK München Südost"]
[PlyCount "105"]
[WhiteFideId "16240480"]
[BlackFideId "16213955"]
[EventCountry "GER"]
[EventRounds "7"]
[EventType "team-swiss"]
[EventDate "2016.12.27"]

1. d4 d5 2. c4 e6 3. Nc3 c5 4. e3 Nc6 5. Nf3 Nf6 6. Be2 Be7 7. Bd2 cxd4 8. exd4
dxc4 9. Be3 Nd5 10. Bxc4 Nxe3 11. fxe3 Bh4+ 12. g3 Bf6 13. Qe2 O-O 14. O-O Qe7
15. Rad1 Rd8 16. a3 h6 17. b4 a6 18. Qc2 g6 19. Kh1 Kg7 20. Kg1 e5 21. d5 Na7
22. Kh1 Bf5 23. e4 Bg4 24. Kg2 Qd7 25. Kg1 Rac8 26. Be2 Re8 27. Qd3 Qd6 28. Kh1
Bh3 29. Rf2 Bd8 30. Bf1 Bg4 31. h3 Bb6 32. Rh2 Bxf3+ 33. Qxf3 Bd4 34. Rc1 Qc7
35. Rhc2 Qe7 36. Be2 Qd7 37. Kh2 Nb5 38. Nxb5 Rxc2 39. Rxc2 axb5 40. Bd3 Rd8
41. Kg2 Qe8 42. Rc7 Rc8 43. Rxc8 Qxc8 44. Bxb5 Qc1 45. Qf1 Qxa3 46. Be8 f6 47.
b5 Qb2+ 48. Kh1 Qc3 49. Qg2 Qc8 50. Bxg6 Kxg6 51. Kh2 Qc3 52. Qf1 Qd2+ 53. Kh1
0-1

[Event "DVM U10 2016"]
[Site "Magdeburg GER"]
[Date "2016.12.28"]
[Round "5"]
[White "Glok, David"]
[Black "Richter, Nicholas"]
[Result "0-1"]
[Termination "normal"]
[Board "7.2"]
[WhiteElo "1136"]
[BlackElo "1149"]
[WhiteTeam "SK München Südost"]
[BlackTeam "SV Dresden-Striesen"]
[PlyCount "98"]
[WhiteFideId "16226224"]
[BlackFideId "16244834"]
[EventCountry "GER"]
[EventRounds "7"]
[EventType "team-swiss"]
[EventDate "2016.12.27"]

1. e4 c5 2. c3 d5 3. f3 e6 4. d4 Nc6 5. Bb5 Qc7 6. g3 a6 7. Ba4 b5 8. Bc2 cxd4
9. cxd4 Nxd4 10. Qxd4 Qxc2 11. Qd2 Qxd2+ 12. Bxd2 dxe4 13. fxe4 Bb7 14. Ne2
Bxe4 15. O-O Bc5+ 16. Rf2 Bxf2+ 17. Kxf2 Nf6 18. Bg5 Ke7 19. Nbc3 Bd3 20. Nf4
Bf5 21. Kf3 Bg4+ 22. Kf2 h6 23. h3 hxg5 24. hxg4 gxf4 25. gxf4 Nxg4+ 26. Kf3
Nh2+ 27. Ke4 Ng4 28. Rg1 Nf6+ 29. Ke5 Rh5+ 30. Kd4 Nd5 31. Nxd5+ Rxd5+ 32. Kc3
Rc8+ 33. Kb3 a5 34. a3 Rd3+ 35. Ka2 Rc2 36. Rf1 a4 37. f5 Rb3 38. Rb1 b4 39.
axb4 Rxb4 40. fxe6 fxe6 41. Ka3 Rb7 42. Rg1 Kd6 43. Rd1+ Kc5 44. Re1 Rcxb2 45.
Re5+ Kd4 46. Rxe6 R7b3+ 47. Kxa4 Rb6 48. Rxb6 Rxb6 49. Ka3 Rb1 0-1

[Event "DVM U10 2016"]
[Site "Magdeburg GER"]
[Date "2016.12.28"]
[Round "5"]
[White "Haugner, Quentin"]
[Black "Neidhold, Moritz"]
[Result "1-0"]
[Termination "normal"]
[Board "7.3"]
[WhiteElo "1012"]
[BlackElo "1047"]
[WhiteTeam "SV Dresden-Striesen"]
[BlackTeam "SK München Südost"]
[PlyCount "48"]
[EventCountry "GER"]
[EventRounds "7"]
[EventType "team-swiss"]
[EventDate "2016.12.27"]

1. e4 c5 2. Nf3 g6 3. Nc3 Nc6 4. Bc4 Bg7 5. d3 Nf6 6. Na4 b6 7. Bf4 O-O 8. c3
Bb7 9. Qb3 e6 10. Qd1 Ne7 11. Qb3 d5 12. exd5 exd5 13. Bb5 Bc6 14. Bxc6 Nxc6
15. O-O Re8 16. Rad1 d4 17. cxd4 Nxd4 18. Nxd4 cxd4 19. Bg5 Rc8 20. Qb5 Qd6 21.
Rc1 Rxc1 22. Rxc1 Re5 23. Bf4 Qc7 24. Qxe5 Qd7 1-0

[Event "DVM U10 2016"]
[Site "Magdeburg GER"]
[Date "2016.12.28"]
[Round "5"]
[White "Oehring, Claus-Ferdinand"]
[Black "Meyer-Deharde, Mattis"]
[Result "1-0"]
[Termination "normal"]
[Board "7.4"]
[WhiteElo "923"]
[BlackElo "866"]
[WhiteTeam "SK München Südost"]
[BlackTeam "SV Dresden-Striesen"]
[PlyCount "25"]
[EventCountry "GER"]
[EventRounds "7"]
[EventType "team-swiss"]
[EventDate "2016.12.27"]

1. e4 e5 2. Nf3 Nc6 3. Bc4 Bc5 4. Nc3 Nf6 5. d3 O-O 6. Bg5 d6 7. Nd5 h6 8.
Nxf6+ gxf6 9. Bxh6 Re8 10. Nd2 Ne7 11. Qh5 Ng6 12. Qxg6+ Kh8 13. Qg7# 1-0

[Event "DVM U10 2016"]
[Site "Magdeburg GER"]
[Date "2016.12.28"]
[Round "5"]
[White "Hänselmann, Hendrik"]
[Black "Thomas, Anton"]
[Result "1-0"]
[Termination "normal"]
[Board "8.1"]
[WhiteElo "1329"]
[BlackElo "1187"]
[WhiteTeam "Karlsruher SF"]
[BlackTeam "SC Erlangen"]
[PlyCount "57"]
[WhiteFideId "16232755"]
[EventCountry "GER"]
[EventRounds "7"]
[EventType "team-swiss"]
[EventDate "2016.12.27"]

1. e4 e5 2. Nf3 Nc6 3. Nc3 Nf6 4. Bb5 Bb4 5. d3 O-O 6. Bxc6 dxc6 7. Nxe5 Qe7 8.
Nf3 Bg4 9. Bg5 h6 10. Bh4 Rad8 11. O-O c5 12. e5 c4 13. exf6 gxf6 14. Re1 Qd6
15. Ne4 Qc6 16. Nxf6+ Kh8 17. Nxg4 Bxe1 18. Bxd8 Bxf2+ 19. Nxf2 Rxd8 20. Qd2
Rg8 21. Qe3 Qg6 22. g3 Qf6 23. dxc4 Rg7 24. Rd1 b6 25. Rd7 Kg8 26. Rxc7 h5 27.
Qe4 h4 28. Rc8+ Qd8 29. Rxd8# 1-0

[Event "DVM U10 2016"]
[Site "Magdeburg GER"]
[Date "2016.12.28"]
[Round "5"]
[White "Isbilir, Seydi"]
[Black "Kiefhaber, Tobias"]
[Result "1-0"]
[Termination "normal"]
[Board "8.2"]
[WhiteElo "1091"]
[BlackElo "1130"]
[WhiteTeam "SC Erlangen"]
[BlackTeam "Karlsruher SF"]
[PlyCount "53"]
[WhiteFideId "16267184"]
[BlackFideId "16240693"]
[EventCountry "GER"]
[EventRounds "7"]
[EventType "team-swiss"]
[EventDate "2016.12.27"]

1. e4 c6 2. Nf3 d5 3. exd5 cxd5 4. d4 Bg4 5. Nc3 Nc6 6. Bf4 Nf6 7. Bb5 a6 8.
Ba4 b5 9. Bb3 e6 10. O-O Bd6 11. Bg5 Bxf3 12. Qxf3 Nxd4 13. Qe3 Nxb3 14. axb3
O-O 15. Rfd1 Ng4 16. Qd2 Qb6 17. Bh4 Bxh2+ 18. Kf1 Be5 19. Re1 d4 20. Ne4 f5
21. Ng5 h6 22. Nf3 Bc7 23. Nxd4 g5 24. Rxe6 Qc5 25. Bxg5 f4 26. Be7 Rf7 27.
Bxc5 1-0

[Event "DVM U10 2016"]
[Site "Magdeburg GER"]
[Date "2016.12.28"]
[Round "5"]
[White "Schulz, Hannah"]
[Black "Wolf, Jonas"]
[Result "1-0"]
[Termination "normal"]
[Board "8.3"]
[WhiteElo "1045"]
[BlackElo "902"]
[WhiteTeam "Karlsruher SF"]
[BlackTeam "SC Erlangen"]
[PlyCount "81"]
[WhiteFideId "16244745"]
[BlackFideId "16269500"]
[EventCountry "GER"]
[EventRounds "7"]
[EventType "team-swiss"]
[EventDate "2016.12.27"]

1. e4 e5 2. Nf3 Nc6 3. Bc4 Bc5 4. d3 d6 5. Nc3 Nf6 6. Bg5 h6 7. Bh4 g5 8. Bg3
Bg4 9. Qe2 Nd4 10. Qd1 Nxf3+ 11. gxf3 Bd7 12. Qe2 Qe7 13. O-O-O O-O-O 14. Nd5
Nxd5 15. Bxd5 Be6 16. Bb3 Bxb3 17. cxb3 Qd7 18. Kb1 Qb5 19. Rc1 Bd4 20. h4 Rhg8
21. hxg5 hxg5 22. Rh7 Rd7 23. Rg1 d5 24. Bh4 Rf8 25. Bxg5 Rd6 26. Be7 Ra6 27.
Bxf8 Qa5 28. Ba3 Bc5 29. Rxf7 b6 30. Rc1 Kb8 31. b4 Bxb4 32. Bxb4 Qxa2+ 33. Kc2
Qa4+ 34. Kd2 Qxb4+ 35. Kd1 dxe4 36. Rfxc7 Ra4 37. Rc8+ Kb7 38. R1c7+ Ka6 39.
dxe4+ Qb5 40. Rxa7+ Kxa7 41. Qxb5 1-0

[Event "DVM U10 2016"]
[Site "Magdeburg GER"]
[Date "2016.12.28"]
[Round "5"]
[White "Isbilir, Levin"]
[Black "Claussen, Carlos"]
[Result "1-0"]
[Termination "normal"]
[Board "8.4"]
[WhiteElo "931"]
[BlackElo "898"]
[WhiteTeam "SC Erlangen"]
[BlackTeam "Karlsruher SF"]
[PlyCount "24"]
[WhiteFideId "16267192"]
[BlackFideId "16245288"]
[EventCountry "GER"]
[EventRounds "7"]
[EventType "team-swiss"]
[EventDate "2016.12.27"]

1. e4 e5 2. Nf3 Nc6 3. Bc4 Nf6 4. Nc3 Bc5 5. d3 O-O 6. Bg5 d6 7. h3 Be6 8. Bb3
Bxb3 9. axb3 Nd4 10. Nd5 Nxf3+ 11. Qxf3 Bd4 12. Nxf6+ Kh8 1-0

[Event "DVM U10 2016"]
[Site "Magdeburg GER"]
[Date "2016.12.28"]
[Round "5"]
[White "Hörhager-Celjo, Dino"]
[Black "Kuppe, Eugen"]
[Result "0-1"]
[Termination "normal"]
[Board "9.1"]
[WhiteElo "861"]
[BlackElo "1184"]
[WhiteTeam "Düsseldorfer SV"]
[BlackTeam "SV Roter Turm Halle 1"]
[PlyCount "75"]
[WhiteFideId "16253035"]
[EventCountry "GER"]
[EventRounds "7"]
[EventType "team-swiss"]
[EventDate "2016.12.27"]

1. e4 e5 2. Nf3 Nc6 3. d4 exd4 4. Nxd4 d6 5. Nc3 g6 6. Be3 Bg7 7. f3 Nf6 8. Qd2
O-O 9. O-O-O Re8 10. g4 Nxd4 11. Bxd4 c5 12. Be3 Be6 13. Qxd6 Qxd6 14. Rxd6 a6
15. h4 Red8 16. Rxd8+ Rxd8 17. h5 b5 18. Kb1 b4 19. Na4 Rd1+ 20. Bc1 Bh6 21.
Bg2 Rxh1 22. Bxh1 Bxc1 23. Kxc1 gxh5 24. gxh5 Nxh5 25. b3 a5 26. Nxc5 Bh3 27.
Nd3 f6 28. Nf2 Bf1 29. Kd1 Ng3 30. Ke1 h5 31. Nd3 Bxd3 32. Bg2 Bb5 33. Kf2 Ne2
34. Bf1 Nd4 35. Bc4+ Bxc4 36. bxc4 Nxc2 37. c5 Nd4 38. Ke3 0-1

[Event "DVM U10 2016"]
[Site "Magdeburg GER"]
[Date "2016.12.28"]
[Round "5"]
[White "Schachner-Blume, Leander"]
[Black "Adelmeyer, Nelly"]
[Result "0-1"]
[Termination "normal"]
[Board "9.3"]
[WhiteElo "843"]
[BlackElo "1144"]
[WhiteTeam "Düsseldorfer SV"]
[BlackTeam "SV Roter Turm Halle 1"]
[PlyCount "40"]
[BlackFideId "16203577"]
[EventCountry "GER"]
[EventRounds "7"]
[EventType "team-swiss"]
[EventDate "2016.12.27"]

1. e4 e5 2. Nf3 Nc6 3. Nc3 Nf6 4. Bc4 Bb4 5. a3 Bc5 6. d3 O-O 7. Bg5 d6 8. Nd5
Be6 9. Bxf6 gxf6 10. O-O Bxd5 11. Bxd5 Qd7 12. Qd2 Kh8 13. Qh6 Rg8 14. Rad1 Rg6
15. Qh5 Rag8 16. Nh4 Rg5 17. Qh6 Qh3 18. g3 Rxg3+ 19. hxg3 Rxg3+ 20. Ng2 Qxg2#
0-1

[Event "DVM U10 2016"]
[Site "Magdeburg GER"]
[Date "2016.12.28"]
[Round "5"]
[White "Schön, Florian"]
[Black "Korr, Sören"]
[Result "0-1"]
[Termination "normal"]
[Board "10.1"]
[WhiteElo "1152"]
[BlackElo "996"]
[WhiteTeam "BSG Grün-Weiß Leipzig"]
[BlackTeam "DJK Arminia Eilendorf"]
[PlyCount "56"]
[WhiteFideId "16259394"]
[BlackFideId "16275241"]
[EventCountry "GER"]
[EventRounds "7"]
[EventType "team-swiss"]
[EventDate "2016.12.27"]

1. e4 e5 2. Nf3 Nc6 3. Nc3 Bc5 4. Nxe5 Nxe5 5. d4 Bd6 6. dxe5 Bxe5 7. Bc4 Bxc3+
8. bxc3 d6 9. Qd5 Be6 10. Qd4 Bxc4 11. Qxc4 h6 12. Bf4 Nf6 13. O-O O-O 14. e5
Nh5 15. Bxh6 gxh6 16. Qg4+ Ng7 17. f4 h5 18. Qg3 dxe5 19. f5 Qf6 20. Rae1 Rfe8
21. Re4 h4 22. Rxh4 Kf8 23. Qg4 e4 24. h3 e3 25. Qb4+ Kg8 26. Qg4 e2 27. Re1
Qxc3 28. Kf2 Qe3# 0-1

[Event "DVM U10 2016"]
[Site "Magdeburg GER"]
[Date "2016.12.28"]
[Round "5"]
[White "Mainka, Ingmar"]
[Black "Willberg, Marek"]
[Result "1-0"]
[Termination "normal"]
[Board "10.2"]
[WhiteElo "1122"]
[BlackElo "1060"]
[WhiteTeam "DJK Arminia Eilendorf"]
[BlackTeam "BSG Grün-Weiß Leipzig"]
[PlyCount "119"]
[WhiteFideId "16254937"]
[BlackFideId "16224027"]
[EventCountry "GER"]
[EventRounds "7"]
[EventType "team-swiss"]
[EventDate "2016.12.27"]

1. e4 e5 2. Nf3 Nc6 3. Bc4 Nf6 4. d3 h6 5. Nc3 Bc5 6. Be3 Bb6 7. O-O d6 8. h3
Be6 9. Bb3 O-O 10. Nd5 Bxd5 11. Bxd5 Nxd5 12. exd5 Ne7 13. c4 Bxe3 14. fxe3 Nf5
15. Qe1 Ne7 16. e4 Ng6 17. Qb4 Rb8 18. Rad1 c6 19. Qa4 Qb6+ 20. Kh1 Qxb2 21.
dxc6 bxc6 22. Qxc6 Rfd8 23. Rd2 Qb6 24. Qxb6 Rxb6 25. d4 exd4 26. Nxd4 Rb4 27.
Nc6 Rbb8 28. Nxb8 Rxb8 29. Rxd6 Rb2 30. Rd8+ Kh7 31. Rxf7 Ne5 32. Rxa7 Nc6 33.
Rdd7 Nxa7 34. Rxa7 Rb4 35. Rc7 Kg6 36. e5 Rb8 37. e6 Re8 38. Rc6 Kf6 39. Kg1
Ke5 40. Kf2 Ke4 41. a4 g5 42. a5 Ke5 43. Ke3 Re7 44. a6 Kf6 45. Ke4 h5 46. g4
h4 47. Kd5 Kg7 48. Ke5 Re8 49. Rc7+ Kf8 50. Kf6 Ra8 51. Rf7+ Ke8 52. e7 Rxa6+
53. Kg7 Re6 54. c5 Re3 55. c6 Rc3 56. c7 Rxc7 57. Rf8+ Kxe7 58. Rf7+ Kd6 59.
Rxc7 Kxc7 60. Kg6 1-0

[Event "DVM U10 2016"]
[Site "Magdeburg GER"]
[Date "2016.12.28"]
[Round "5"]
[White "Nguyen, Jenny Ha-Linh"]
[Black "Debets, Mario"]
[Result "1-0"]
[Termination "normal"]
[Board "10.3"]
[WhiteElo "1061"]
[BlackElo "1026"]
[WhiteTeam "BSG Grün-Weiß Leipzig"]
[BlackTeam "DJK Arminia Eilendorf"]
[PlyCount "45"]
[WhiteFideId "16209729"]
[BlackFideId "16275250"]
[EventCountry "GER"]
[EventRounds "7"]
[EventType "team-swiss"]
[EventDate "2016.12.27"]

1. e4 e5 2. Nf3 Nc6 3. Bc4 Nf6 4. d3 d6 5. h3 Be6 6. Bb3 Be7 7. O-O O-O 8. Bg5
h6 9. Bh4 b5 10. a3 a5 11. Nbd2 Qd7 12. Qe2 a4 13. Ba2 b4 14. Nc4 Rae8 15. Rad1
b3 16. cxb3 axb3 17. Bb1 d5 18. Ncxe5 Nxe5 19. Nxe5 Qd6 20. f4 dxe4 21. dxe4
Qc5+ 22. Kh1 Bc4 23. Nxc4 1-0